Statistiques concernant Capitales commençant par M

Cliquez ici pour prendre le quiz!

Statistiques générales

  • Ce quiz a été pris 166 fois
  • Le résultat moyen est 11 sur 18

Statistiques - réponses

Capitales% Correct
Madrid
87%
Moscou
80%
Manille
76%
Maputo
68%
Mexico
66%
Montevideo
66%
Monaco
65%
Malé
61%
Managua
59%
Mogadiscio
57%
Mascate
54%
Manama
52%
Minsk
51%
Monrovia
47%
Maseru
45%
Malabo
43%
Mbabane
42%
Moroni
39%

Distribution des résultats

Percentile par nombre de réponses

% des personnes avec chaque résultat

Votre développement - résultats

Vous n’avez pas pris ce quiz